000 00656cam a2200205 4500
001 B47
008 090401t1955 xxu||||| |||| 00| 0 eng d
035 _a(Sirsi) u32598
041 _aeng
050 _a711.409421
110 _aLondon County Council
_91711
245 _aAdministrative county of London development plan statement (excluding appendices) as approved with modifications by the Minister of Housing and Local Government
260 _aLondon
_bLondon County Council
_c1955
300 _aiii,27p. ; 31cm.
350 _a0.13
650 _aMINISTRY OF HOUSING AND LOCAL GOVERNMENT
650 _aPLANNING
942 _n0
948 _c04/03/1997
999 _c89750
_d89750